000 00274nam a22001097a 4500
008 170120b xxu||||| |||| 00| 0 eng d
020 _a0803658036
041 _aeng
080 _23RD
_a618.2
245 _aNURSING CARE DUING THE LABOR PROCESS
_cMALINOWSKI, J,S
942 _2udc
_cBK
999 _c3209
_d3209